00294nam a2200121Ia 4500008004100000100001500041245004400056260002700100300000900127650001400136942000700150999001500157190216s9999||||xx |||||||||||||| ||und|| aSinha. R.K 0aEvolution Of Fiscal Federalism In India bSouth Asian Pubsc1981 a253p aEconomics cBK c9551d9551